LoveLive! Series EXPO 2025 STAGE ~Right now!~ セットリスト - Statistics

General Stats
  • This quiz has been taken 3 times
  • The average score is 4 of 28
Answer Stats
シリーズ 曲名 備考 % Correct
Aqours 未来の僕らは知ってるよ
100%
(AiScReam) 愛♡スクリ~ム! 曜、善子、ルビィ、真姫、果林、メイ、セラス、麻衣
50%
μ's 夏色えがおで1,2,Jump!
50%
虹ヶ咲 Colorful Dreams! Colorful Smiles! ショートVer.
50%
蓮ノ空 Dream Believers 105期 Ver.
50%
虹ヶ咲 Just Believe!!!
50%
μ's No brand girls
50%
イキヅライブ! ヒミツミチ オープニングアクト
0%
μ's 輝夜の城で踊りたい
0%
虹ヶ咲 繚乱!ビクトリーロード 果林、せつ菜、エマ、璃奈 Ver.
0%
虹ヶ咲 ツナガルコネクト ショートVer.
0%
Liella! オルタネイト
0%
Liella! ディストーション
0%
Liella! 全力ライオット
0%
蓮ノ空 アイドゥーミー!
0%
蓮ノ空 アンペア メドレー・ショートVer.
0%
蓮ノ空 Celebration! メドレー・ショートVer.
0%
虹ヶ咲 CHASE! ショートVer.
0%
Aqours Deep Resonance
0%
蓮ノ空 Edelied メドレー・ショートVer.
0%
Aqours KU-RU-KU-RU Cruller!
0%
虹ヶ咲 La Bella Patria ショートVer.
0%
Liella! Let's be ONE
0%
Aqours SUKI for you, DREAM for you!
0%
虹ヶ咲 TOKIMEKI Runners
0%
虹ヶ咲 VIVID WORLD ショートVer.
0%
蓮ノ空 WAWO! メドレー・ショートVer.
0%
イキヅライブ! What is my LIFE? オープニングアクト
0%
No matching quizzes found
Score Distribution
Percent of People with Each Score
Percentile by Number Answered
Your Score History
You have not taken this quiz